NBA Team Logos Quiz - Statistics

General Stats
  • This quiz has been taken 192 times
  • The average score is 26 of 30
Answer Stats
Picture Answer % Correct
Chicago Bulls
99%
Los Angeles Lakers
99%
Boston Celtics
97%
San Antonio Spurs
96%
Golden State Warriors
95%
Memphis Grizzlies
95%
Houston Rockets
92%
Miami Heat
92%
Milwaukee Bucks
92%
Indiana Pacers
89%
Utah Jazz
88%
Portland Trail Blazers
85%
Sacramento Kings
85%
Toronto Raptors
84%
Atlanta Hawks
83%
Denver Nuggets
83%
Minnesota Timberwolves
83%
Orlando Magic
83%
Charlotte Hornets
81%
New York Knicks
81%
Cleveland Cavaliers
80%
Phoenix Suns
80%
Brooklyn Nets
79%
Dallas Mavericks
79%
Los Angeles Clippers
78%
New Orleans Pelicans
77%
Detroit Pistons
76%
Oklahoma City Thunder
76%
Philadelphia 76ers
76%
Washington Wizards
73%
No matching quizzes found
Score Distribution
Percent of People with Each Score
Percentile by Number Answered
Your Score History
You have not taken this quiz